000 00602nam a2200241Ia 4500
003 OSt
005 20221007071404.0
006 a|||||r|||| 00| 0
007 ta
008 221006b |||||||| |||| 00| 0 eng d
024 _a8,724
037 _cTextual
040 _aFLL
_cFLL
_beng
041 _2eng
_aeng
082 _aZ3:2677k, K4.4
245 0 _aEncyclopedia of forms and precedents
250 _a4th
260 _aLondon
_bButterworths London
_c1965
300 _a73p,943p
_ccm.
490 _v4
942 _hZ3:2677k, K4.4
_cTEXL
_2CC
999 _c1143219
_d1143219